00436nam a2200133 a 450000100100000000500170001000800410002704000250006824500220009326000430011530000220015895201050018099900170028500004590520201002052520.0150526s1989 000 spa d aDO-SdBNPbspacBNPHU 0aLista de precios. aSanto Domingo :bUniversitaria,c1989. a10 p. : ;c21 cm. 001050718MOaPDbPDcHDd2015-05-26iLF1l0o p45905-10r2020-06-25w2020-06-25y1ZNo se presta c45394d45394